| 000 | 01539caa a2200253 ib4500 | ||
|---|---|---|---|
| 003 | SA-RiAUC | ||
| 005 | 20241004153319.0 | ||
| 008 | 241004s2003 su ab f de f010 0 ara c | ||
| 014 | _a12203128925 | ||
| 040 |
_aWILDLIFE _bara _cSA-RiAUC _erda |
||
| 043 | _aa-su--- | ||
| 082 | 0 | 4 | _a915.3103 |
| 110 | 2 |
_aدارة الملك عبد العزيز _eمؤلف. |
|
| 245 | 1 | 0 |
_aموسوعة أسماء الأماكن في المملكة العربية السعودية / _cدارة الملك عبد العزيز، هيئة المساحة الجيولوجية السعودية. |
| 300 |
_aصفحة : _bجداول، خرائط |
||
| 336 |
_aنص _btxt _2rdacontent _3كتاب |
||
| 337 |
_aبدون وسيط _bn _2rdamedia |
||
| 338 |
_aمجلد _bnc _2rdacarrier |
||
| 500 | _aطبعت هذه الموسوعة بمناسبة الاحتفال بمرور عشرين عاما على تولي خادم الحرمين الشريفين الملك فهد بن عبد العزيز مقاليد الحكم. | ||
| 651 | 7 |
_aالسعودية _vمعاجم جغرافية _vدوائر معارف _2aucsh |
|
| 710 | 2 |
_aهيئة المساحة الجيولوجية السعودية _eمؤلف. |
|
| 773 | 0 |
_aدارة الملك عبد العزيز مؤلف. _tموسوعة أسماء الأماكن في المملكة العربية السعودية / دارة الملك عبد العزيز ؛ هيئة المساحة الجيولوجية السعودية. _bالطبعة الأولى. _wocm00128734 _hج. 1 _z9960880176 |
|
| 949 |
_aSA-JeALM _d241004 _ukhaled123 _n1 |
||
| 999 |
_c870 _d870 |
||